000 00749nam a2200217 i 4500
001 185817
003 ES-MaACL
005 20230906222526.0
008 160812m19611962sp |||| | spa d
100 0 _aCestari, Aldo.
_937696
245 1 0 _aNovedades de farmacología y terapéutica, 1960-[61] /
_cAldo Cesari ; [versión... de... J. Esteban-Altirriba].
260 _aBarcelona :
_bA. Estrada, [1961-1962]
300 _a2 v. :
_bil. ;
_c18 cm.
490 1 _aColección Monográfica "Zambon" ;
_v1-2
650 0 4 _aFarmacología.
_912725
650 0 4 _aMedicamentos.
_914884
700 0 _aEsteban-Altirriba, J.
_948040
830 0 _aColección Monográfica "Zambon" ;
_v1-2
_9192411
852 _aES-MaACL
_jP-676 bis
999 _c185817
_d185817